=LDR 00000nam 2200000 4500 =001 INLIS000000000020910 =005 20130612115822 =008 ***********************************Ind** =035 ##$$0010-061300000020910 =041 ##$$a Ind =082 ##$$a 598.072 359 8 =090 ##$$a 598.072 359 8, Coa p =100 ##$$a Coates, Brian J =245 ##$$a Panduan lapangan burung-burungh di kawasan wallacecp, Sulawesi, Maluku dan Nusa Tenggara, Brian J. Coates ; alih bahasa, S.N Kartikasari =260 ##$$a 1997 $b Jakarta =300 ##$$a xix, 246 hlm, ilus, 27 cm =650 ##$$a Burung =850 ##$$a NBPNMAT